Регионална библиотека "Любен Каравелов" - Русе

Нашият взвод (Запис номер 122451)

MARC детайли
000 -Лидер
Контролно поле с фиксирана дължина 01401nam a2200313 c 4500
003 - Код на организацията, давaща контролен номер
Контролно поле BLK
005 - Дата и час на последна редакция
Контролно поле 20240319090851.0
008 - Елементи от данни с фиксирана дължина
fixed length control field 180409b bul|||||r ||||||| ||bul||
010 ## - Наследен системен номер
LC control number KNG00128088000
040 ## - Източник на каталожния запис
Идентификатор на билиотеката - собственик на записа BLK
041 ## - Код за език
Код за езика на текст/звукозапис или на отделно заглавие Български
Код за езика КДБФ Български
080 ## - УДК
Текстов определител УДК Българска литература
УДК код - определител по УДК 821.163.2
УДК определител -32
УДК - код + определител 821.163.2-32
100 ## - Редна дума - Автор
Автор Асенов, Драгомир
Автор - информация (биография) Меламед, Жак Нисим
Титли или други наименования, свързани с автора Писател. Работил в русенския в. "Дунавски отечествен фронт", един от основателите на "Дунавски културен фронт"
Дати, свързани с автора 1926 - 1981
R(LIN) 272757
139 ## - Редно поле
Редна дума Асенов, Драгомир
Авторски знак Ас - А 92
245 10 - Сведения за заглавието
Заглавие Нашият взвод
Подзаглавни данни Повест
Редно поле (дума) Драгомир Асенов; * Жак Нисим Меламед.
257 ## - Страна на издаване
Страна на създаване/издаване България
260 ## - Област на издателските данни
-- София
Име на издателя, разпространителя и проч. Държ. воен. изд.
Година на издаване 1956
300 ## - Физическа характеристика
Страници 332 с.
Размери/Мащаб 25 см
380 ## - Жанр
Жанр Худож. лит.
490 1# - СЕРИИ (Колекции)
Име на серия Военни романи
500 ## - Общи забележки
Забележка Истинското име на авт. е Жак Нисим Меламед.
700 1# - Други автори (авторска отговорност)
Лично име Меламед, Жак Нисим
Автороска отговорност (Описва отношението между автора и произведението) *
9 (RLIN) 272758
852 ## - Местоположение
Форматна сигнатура Цб 3266
856 4# - Електронен адрес и достъп
Електронен формат pdf - файл
Път до файла /url/
856 4# - Електронен адрес и достъп
Електронен формат pdf - файл
Път до файла /url/
942 ## - АРТИКУЛИ
Вид на библиотечния материал Книги
Скрит в OPAC Не
944 ## - СЪЗДАВАНЕ И РЕДАКЦИЯ на ЗАПИСА
Създаване/Редакция Създаване
Дата на регистрацията/редакция 29.02.2012
Статус, дата на статуса Моника Янева
Служител, извършил регистрацията/редакцията 30570
944 ## - СЪЗДАВАНЕ И РЕДАКЦИЯ на ЗАПИСА
Създаване/Редакция Редакция
Дата на регистрацията/редакция 29.02.2012
Статус, дата на статуса 29.02.2012 - от С1,Р / 29.02.2012
Служител, извършил регистрацията/редакцията
999 ## - СИСТЕМНИ КОНТРОЛНИ НОМЕРА
Koha biblionumber 122451
Koha biblioitemnumber 122451
Наличности
Код за отписване Код за изгубен артикул Източник на класификационната схема Код за повреда Коз за рестрикции Код за отдаване Артикулен № Име на библиотеката - собственик Име на библиотеката, в която се намира в момента Статус (Текущо местоположение) Дата на вписване в системата Местоположение - отдел Цена в лева Инвентарен номер Систематично азбучна сигнатура Баркод Номер на екземпляра Цена в евро Служебна бележка Служебен тип на артикула
  Не е изгубен Universal Decimal Classification Не е повреден без рестрикции ползва се в читалня 198089 Регионална библиотека "Любен Каравелов" Русе Регионална библиотека "Любен Каравелов" Русе Хранилище 1956-01-01 Основен фонд - ползва се само за читалня 1.14 865/56-пф Цб 3266 900000050898 1 0.58 N: стар фонд Дата: 01.01.1956 Книги
Изтеглен Не е изгубен Universal Decimal Classification Не е повреден без рестрикции заемане за дома 198090 Регионална библиотека "Любен Каравелов" Русе Регионална библиотека "Любен Каравелов" Русе Заемна - подръчен фонд 1956-01-01 Заемна - подръчен фонд 0.00 6284/61 П 886.7-32/А 92 6284/61 2 0.00 N: стар фонд Дата: 01.01.1956 Книги
Изтеглен Не е изгубен Universal Decimal Classification Не е повреден без рестрикции заемане за дома 198091 Регионална библиотека "Любен Каравелов" Русе Регионална библиотека "Любен Каравелов" Русе Заемна - подръчен фонд 1956-01-01 Заемна - подръчен фонд 0.00 6285/61 П 886.7-32/А 92 6285/61 3 0.00 N: стар фонд Дата: 01.01.1956 Книги
Изтеглен Не е изгубен Universal Decimal Classification Не е повреден без рестрикции заемане за дома 198092 Регионална библиотека "Любен Каравелов" Русе Регионална библиотека "Любен Каравелов" Русе Заемна - подръчен фонд 1956-01-01 Заемна - подръчен фонд 0.00 9439/56 П 886.7-32/А 92 9439/56 4 0.00 N: стар фонд Дата: 01.01.1956 Книги
Vip Innovations Ltd, Rousse, Bulgaria 2025